000 00488nam a22001577a 4500
005 20150210160320.0
008 150210b xxu||||| |||| 00| 0 eng d
022 _a2249-2437
040 _adpl
245 _aDimensions of education
260 _aKarnataka
_bVidyanidhi Prakashana
300 _av.
_c28 cm
310 _aThrice a year
270 _aSri Sivakumar Agency,Station Road,Near Mahendrakar Circle,Gadag
_bKarnataka
_e582101
_mdimensionsofedn@gmail.com
_dIndia
942 _2ddc
_cSR
_s1
999 _c91338
_d91338